• 首页
  • 本馆介绍
  • 公告通知
  • 最新文献
  • 馆藏检索
  • 电子资源
  • 读者导购
  • 参考咨询
  • 我的图书馆
  • 登录
  • 详细信息显示
  • 放入我的书架
  • 预约/预借图书
  • 作者相关作品
  • 分类相关作品
  • 丛书相关作品
  • 出版社相关作品

书目信息

  • 表格格式
  • 工作单格式
  • 卡片格式
题名:
汽车电路
    
 
作者: 顾惠烽 主编
分册:  
出版信息: 北京   化学工业出版社  2021.5
页数: 299页
开本: 26cm
丛书名:
单 册:
中图分类: U463.6 , U472.41
科图分类:
主题词: 汽车--电气设备 , 汽车--电气设备--检修
电子资源:
ISBN: 978-7-122-38383-9
000 00981nam0 2200253 45
001 012001002679
005 20141008101622.0
010    @a978-7-122-38383-9@dCNY99.00
100    @a20210531d2021 em y0chiy50 ea
101 0  @achi
102    @aCN@b110000
105    @aa z 000yy
106    @ar
200 1  @a汽车电路@Aqi che dian lu@b专著@e原理·识读·检测·维修@f顾惠烽主编
210    @a北京@c化学工业出版社@d2021.5
215    @a299页@c图@d26cm
330    @a本书介绍了汽车电路的基本原理,汽车电路图的识读方法、步骤、技巧、要领,汽车电路的基本检测方法及维修操作方法。涵盖汽车电路的基础知识、汽车电路关键元器件、汽车电路图识读方法与技巧,汽车电气系统基本原理以及汽车电路常见故障检修等,并列举了欧洲车系、日韩车系、美国车系、国产车系电路图的识读实例。
606 0  @a汽车@x电气设备
606 0  @a汽车@x电气设备@x检修
690    @aU463.6@v5
690    @aU472.41@v5
701  0 @a顾惠烽@Agu hui feng@4主编
801  2 @aCN@bBJSDL@c20211018
905    @b1350172-5@dU463.6@e1099@f4
    
    汽车电路:原理·识读·检测·维修/顾惠烽主编.-北京:化学工业出版社,2021.5
    299页:图;26cm
    
    
    ISBN 978-7-122-38383-9:CNY99.00
    本书介绍了汽车电路的基本原理,汽车电路图的识读方法、步骤、技巧、要领,汽车电路的基本检测方法及维修操作方法。涵盖汽车电路的基础知识、汽车电路关键元器件、汽车电路图识读方法与技巧,汽车电气系统基本原理以及汽车电路常见故障检修等,并列举了欧洲车系、日韩车系、美国车系、国产车系电路图的识读实例。
●
相关链接 在E读中查询图书 在五车中查询图书 在当当中查询图书 在豆瓣中查询图书


正题名:汽车电路     索取号:U463.6/1099         预约/预借

序号 登录号 条形码 馆藏地/架位号 状态 备注
1 1350172   213501726   第二样本阅览室/ [索取号:U463.6/1099] 在馆    
2 1350173   213501735   第三借阅区/ [索取号:U463.6/1099] 在馆    
3 1350174   213501744   第三借阅区/ [索取号:U463.6/1099] 在馆    
4 1350175   213501753   第三借阅区/ [索取号:U463.6/1099] 在馆    
唐山师范学院图书馆 欢迎您!
大连网信软件有限公司© 版权所有